| 000 | 01643nam a22002655i 4500 | ||
|---|---|---|---|
| 001 | 165804 | ||
| 003 | ES-MaACL | ||
| 005 | 20250728063135.0 | ||
| 008 | 950206s1748 be a |||| | spa d | ||
| 100 | 1 |
_aStrada, Famiano, _d1572-1649 _9132919 |
|
| 245 | 1 | 0 |
_aGuerras de Flandes : _bsegunda decada, desde el principio del Govierno de Alexandro Farnese... escriviòlas en latin el R.P. Famiano Estrada de la Compañía de Jesus y las traduxó en romance el R.P. Melchor de Novar de la misma compañia ; tomo II, part. III. |
| 250 | _aNueva edicion, enriquecida de lindissimas estampas, en la qual se enmendaron essenciales erratas. | ||
| 260 |
_aEn Amberes : _bpor Marcos Miguel Bousquet y compañia, _c1748. |
||
| 300 |
_a[2], p. 833-1346, [4] h. de grab. ; _c12" |
||
| 530 | _aDisponible en formato digital. | ||
| 595 | _aMención de ed. precede a: "Tomo II, part. III" | ||
| 597 | _aSign.: [ ]1, 2O10, 2P-3L12, 3M7. | ||
| 599 | _aLas h. de grab. calc.: "En casa de Bousquet", dos de ellas retratos, 1 escena de El padre Thomas Sailly... y 1 pleg. escena de batalla. | ||
| 600 | 1 | 4 |
_aAlejandro Farnesio, _cDuque de Parma _9155121 |
| 651 | 0 |
_aPaíses Bajos- _xHistoria- _y1556-1648 (Guerras de la Independencia) _9241409 |
|
| 700 | 1 |
_aNovar, Melchor de _c(S.I.), _d1629-1707 _9130535 |
|
| 852 | 4 |
_aES-MaACL _jR-1498 _z- Enc. piel _z- Ex-libris de la Biblioteca del Rey N. Señor _z- Sello con la leyenda "Inventariado por las Cortes, 1874" _z- Olim: G-13943-49 |
|
| 856 | 4 |
_uhttp://bibliotecavirtualdefensa.es/BVMDefensa/es/consulta/registro.do?id=1622 _zBiblioteca Virtual de Defensa |
|
| 999 |
_c165804 _d165804 |
||